banner-ar

CRISES IN WORLD POLITICS / (Record no. 10898)

MARC details
000 -الفاتح
حقل البيانات ثابتة الطول 00483nam a2200193Ia 4500
008 - عناصر البيانات ثابتة الطول - معلومات عامة
حقل البيانات ثابتة الطول 140319s9999 xx 000 0 eng d
040 ## - مصدر الفهرسة
وكالة الفهرسة الأصلية GCL /
وكالة النسخ GCL
082 04 - رقم تصنيف ديوى العشرى
رقم التصنيف 327
رقم المادة B C
100 1# - المدخل الرئيسى - إسم شخصى
الإسم الشخصى BRECHER, MICHAEL
245 10 - بيان العنوان
العنوان CRISES IN WORLD POLITICS /
بيان المسئوليه,etc BRECHER, MICHAEL
260 ## - PUBLICATION, DISTRIBUTION, ETC. (IMPRINT)
تاريخ النشر أو التوزيع 1993
300 ## - الوصف المادى
التعداد 676 P
650 04 - المدخل الاضافى بالموضوع-مصطلح موضوعى
مصطلح موضوعي INTERNATIONAL RELATIONS
650 04 - المدخل الاضافى بالموضوع-مصطلح موضوعى
مصطلح موضوعي GULF WAR
650 04 - المدخل الاضافى بالموضوع-مصطلح موضوعى
مصطلح موضوعي DIPLOMACY
650 04 - المدخل الاضافى بالموضوع-مصطلح موضوعى
مصطلح موضوعي WORLD CRISIS
942 ## - عناصر المدخل الإضافي( كوها)
مصدر التصنيف او مخطط الترفيف Dewey Decimal Classification
Koha [default] item type كتاب
260 ## - PUBLICATION, DISTRIBUTION, ETC. (IMPRINT)
-- [S.N] :
-- PERGAMON ،
Holdings
حالة التراجع حالة الفقد حالة تلف ليس للاعارة المكان المؤقت الموقع الحالى تاريخ الاكتساب اجمالي اﻻعارات رقم الطلب الباركود تاريخ اخر مشاهدة تاريخ تفعيل السعر نوع وعاء كوها
        مكتبة القاهرة الكبرى مكتبة القاهرة الكبرى 03/26/2014   327\B C 21827 03/26/2014 03/26/2014 كتاب

Powered By

EGPV